The right moves on demand (Record no. 67285)
[ view plain ]
| 000 -LEADER | |
|---|---|
| fixed length control field | 01289cam a2200265 4500 |
| 001 - CONTROL NUMBER | |
| control field | WB3723-29 |
| 008 - FIXED-LENGTH DATA ELEMENTS--GENERAL INFORMATION | |
| fixed length control field | 000000n2001 000 0 eng u |
| 035 ## - SYSTEM CONTROL NUMBER | |
| System control number | (Sirsi) u113039 |
| 100 ## - MAIN ENTRY--PERSONAL NAME | |
| Personal name | Nevin, B. |
| 245 #4 - TITLE STATEMENT | |
| Title | The right moves on demand |
| 260 ## - PUBLICATION, DISTRIBUTION, ETC. | |
| Date of publication, distribution, etc. | 2001 |
| 490 ## - SERIES STATEMENT | |
| Series statement | Housing Today |
| Volume/sequential designation | (234) 17 May 2001, 12-13(2) |
| 520 ## - SUMMARY, ETC. | |
| Summary, etc. | Analyses the findings of a new report, "Changing housing markets: urban regeneration and decentralisation", which has highlighted the diversity of the West Midlands housing market. Whilst north Staffordshire exhibits similar characteristics to north-west England's declining housing market the area to the south of Birmingham shares the price structures and affordability issues associated with south-east England. Concludes that, whilst there is no single solution to the region's problems, the interdependencies between the different markets mean that an urban renaissance is required if further migration to suburbs and rural areas is to be avoided. |
| 590 ## - LOCAL NOTE (RLIN) | |
| Local note | WB |
| 650 ## - SUBJECT ADDED ENTRY--TOPICAL TERM | |
| Topical term or geographic name entry element | BIRMINGHAM |
| 650 ## - SUBJECT ADDED ENTRY--TOPICAL TERM | |
| Topical term or geographic name entry element | HOUSING MARKET |
| 650 ## - SUBJECT ADDED ENTRY--TOPICAL TERM | |
| Topical term or geographic name entry element | HOUSING STRATEGIES |
| 650 ## - SUBJECT ADDED ENTRY--TOPICAL TERM | |
| Topical term or geographic name entry element | SANDWELL |
| 650 ## - SUBJECT ADDED ENTRY--TOPICAL TERM | |
| Topical term or geographic name entry element | STOKE ON TRENT |
| 650 ## - SUBJECT ADDED ENTRY--TOPICAL TERM | |
| Topical term or geographic name entry element | URBAN REGENERATION |
| 650 ## - SUBJECT ADDED ENTRY--TOPICAL TERM | |
| Topical term or geographic name entry element | URBAN RENEWAL |
| 650 ## - SUBJECT ADDED ENTRY--TOPICAL TERM | |
| Topical term or geographic name entry element | WEST MIDLANDS |
| 690 ## - LOCAL SUBJECT ADDED ENTRY--TOPICAL TERM (OCLC, RLIN) | |
| Topical term or geographic name as entry element | REGENERATION |
| 942 ## - ADDED ENTRY ELEMENTS (KOHA) | |
| Suppress in OPAC | 0 |
| Withdrawn status | Lost status | Source of classification or shelving scheme | Damaged status | Not for loan | Home library | Current library | Shelving location | Date acquired | Total Checkouts | Full call number | Barcode | Date last seen | Copy number | Price effective from | Koha item type |
|---|---|---|---|---|---|---|---|---|---|---|---|---|---|---|---|
| Dewey Decimal Classification | London | London | News article | 12/06/2001 | WB3723-29 | 113039-1001 | 06/08/2019 | 1 | 06/08/2019 | News article |